000 00935nam a2200253 i 4500
001 bg
111 2 _aSympozjum Techniki Laserowej
_n(7 ;
_d2002 ;
_cSzczecin-Świnoujście).
245 0 2 _a7 Sympozjum Techniki Laserowej, Szczecin-Świnoujście 23-27 września 2002 :
_bkomunikaty /
_cKomitet Elektroniki i Telekomunikacji PAN [et al.].
246 1 4 _aKomunikaty 7 STL
260 _aSzczecin :
_bWydaw. Uczelniane Politechniki Szczecińskiej,
_c2002.
300 _a451 s. :
_bil. ;
_c24 cm.
500 _aTyt. okł.: Komunikaty 7 STL. - Streszcz. ang. przy ref.
504 _aBibliogr. przy ref. Indeks.
650 9 _aLasery
655 _aMateriały konferencyjne
710 0 _aPolska Akademia Nauk
_bKomitet Elektroniki i Telekomunikacji
020 _a8388764020
040 _cBPK
041 0 _apol
_beng
080 _a621.375.826(061)
920 _a83-88764-02-0
942 _cKS
008 s pl f |000 0 pol
999 _c43474
_d43474
856 _uhttp://koha.tu.koszalin.pl/cgi-bin/koha/opac-detail.pl?biblionumber=43474
_yKatalog online BPK